MARC details
| 000 -CABECERA |
| campo de control de longitud fija |
00945nam a2200181 a 4500 |
| 001 - NÚMERO DE CONTROL |
| campo de control |
000048669 |
| 005 - FECHA Y HORA DE LA ÚLTIMA TRANSACCIÓN |
| campo de control |
20201002061321.0 |
| 008 - DATOS DE LONGITUD FIJA--INFORMACIÓN GENERAL |
| campo de control de longitud fija |
190408d2004 dr a 000 0 spa d |
| 040 ## - FUENTE DE LA CATALOGACIÓN |
| Centro catalogador/agencia de origen |
DO-SdBNP |
| Lengua de catalogación |
spa |
| Centro/agencia transcriptor |
BNPHU |
| 082 ## - NÚMERO DE LA CLASIFICACIÓN DECIMAL DEWEY |
| Número de clasificación |
xx |
| Número de documento/Ítem |
xx |
| 110 2# - ENTRADA PRINCIPAL--NOMBRE DE ENTIDAD CORPORATIVA |
| Nombre de entidad corporativa o nombre de jurisdicción como elemento de entrada |
Republica Dominicana |
| Unidad subordinada |
Dirección Genral de Presupuesto |
| 9 (RLIN) |
76113 |
| 245 10 - MENCIÓN DE TÍTULO |
| Título |
A comprender el presupuesto : |
| Resto del título |
conceptos básicos para entender el presupuesto General del Estado / |
| Mención de responsabilidad, etc. |
Coordinación general Mercedes Carrasco. |
| 260 ## - PUBLICACIÓN, DISTRIBUCIÓN, ETC. |
| Lugar de publicación, distribución, etc. |
Santo Domingo : |
| Nombre del editor, distribuidor, etc. |
Dirección Genral de Presupuesto (DIGEPRES) :, |
| Fecha de publicación, distribución, etc. |
[201]. |
| 300 ## - DESCRIPCIÓN FÍSICA |
| Extensión |
73 p. : |
| Otras características físicas |
ils. ; |
| Dimensiones |
23 cm. |
| 505 0# - NOTA DE CONTENIDO CON FORMATO |
| Nota de contenido con formato |
El presupuesto genral del Estado -- |
| Título |
El circulo presupuestario -- |
| -- |
Origen de los recursos del presupuesto -- |
| -- |
Destino de los recursos del presupuesto -- |
| -- |
El resultado presupuestario -- |
| -- |
Derecho y deber de la ciudadanía respecto al presupuesto -- |
| -- |
Glosario. |
| 590 ## - NOTA LOCAL (RLIN) |
| Nota local |
Inventariado, 2019/VM |
| 700 1# - PUNTO DE ACCESO ADICIONAL--NOMBRE DE PERSONA |
| Nombre de persona |
Carrasco, Mercedes |
| Término indicativo de función/relación |
coord. |
| 9 (RLIN) |
74078 |